Normal view
MARC view
Entry Personal Name
001 - CONTROL NUMBER
- control field: 34066
003 - CONTROL NUMBER IDENTIFIER
- control field: ARRUPE
005 - DATE AND TIME OF LATEST TRANSACTION
- control field: 20170801085457.0
008 - FIXED-LENGTH DATA ELEMENTS
- fixed length control field: 170801|| aca||aabn | a|a d
040 ## - CATALOGING SOURCE
- Original cataloging agency: ARRUPE
- Transcribing agency: ARRUPE
100 ## - HEADING--PERSONAL NAME
- Personal name: Gelpi, Donald L.,
- Dates associated with a name: 1934-2011.
670 ## - SOURCE DATA FOUND
- Source citation: Work cat.: (ARRUPE)14903: Beyond individualism :, c1989.